NFL - Top 30 Quarterbacks 2023-2024 - Statistics

General Stats
  • This quiz has been taken 279 times
    278 since last reset
  • The average score is 24 of 30
Answer Stats
Hint Answer % Correct
1. Patrick Mahomes
100%
3. Josh Allen
96%
2. Lamar Jackson
95%
9. Brock Purdy
91%
7. Jalen Hurts
91%
19. Russell Wilson
90%
14. C.J. Stroud
88%
8. Dak Prescott
88%
4. Joe Burrow
88%
11. Matthew Stafford
88%
10. Jared Goff
87%
21. Daniel Jones
86%
12. Kirk Cousins
85%
17. Baker Mayfield
84%
24. Mac Jones
84%
6. Justin Herbert
83%
16. Geno Smith
82%
28. Bryce Young
81%
18. Derek Carr
80%
5. Trevor Lawrence
80%
13. Tua Tagovailoa
80%
15. Jordan Love
79%
20. Justin Fields
79%
30. Deshaun Watson
75%
26. Anthony Richardson
66%
27. Kenny Pickett
63%
29. Sam Howell
59%
22. Desmond Ridder
53%
23. Ryan Tannehill
53%
25. Aidan O'Connell
37%
No matching quizzes found
Score Distribution
Percent of People with Each Score
Percentile by Number Answered
Your Score History
You have not taken this quiz since the last reset